000 00681nam a2200229 u 4500
005 20240924071024.0
008 130320s2011 r 000 0 eng d
020 _a9788449444463 (España)
020 _a9786074005462 (México)
035 _aUPN01000190406
049 _aCG
050 4 _aZ1003
_bM2.4
100 1 _aManguel, Alberto,
_d1948-
_933464
245 1 0 _aLecturas sobre la lectura /
_cAlberto Manguel ; tr. Juan Elías Tovar.
260 _aBarcelona, Esp. :
_aMéxico :
_bOcéano,
_c2011.
300 _a498 p.
440 0 _aTravesía
534 _pTítulo original:
_tA reader on reading
650 4 _aLibros y lectura
_95227
905 _aLibro
999 _c162509
_d162509